000 01125nam a2200289Ia 4500
003 OSt
005 20220930092708.0
006 a|||||r|||| 00| 0
007 ta
008 220926b |||||||| |||| 00| 0 eng d
024 _a23824
037 _cTheses
040 _aCRL
_cCRL
_beng
041 _2eng
_aeng
100 _aChethana. B
_9549498
110 _aUniversity OF Delhi. Faculty OF Medical Sciences. Department OF Obsteterics and gynaecology
_9549499
245 0 _aEffect of prenatal yogic exercises on alleviation of labour pain and birth outcome - a randomised controlled trial
260 _c2014
650 _aWOMEN - DISEASES
700 _a Dr. Abha Singh Gu.
_9533708
700 _a Dr. Arvind Saili Gu.
_9532614
700 _a Dr. Chitra Raghunandan Gu.
_9537098
700 _a Dr. Pikee Saxena Gu.
_9549500
700 _aUniversity OF Delhi. Faculty OF Medical Sciences. Department OF Obsteterics and gynaecology
_9549501
942 _cDIS
_2CC
999 _c884167
_d884167